Central Library OPAC University of Rajshahi

Plants in perspective :alaboratory manual of modern biology / (Record no. 74772)

MARC details
000 -LEADER
fixed length control field 00730nam a22002297a 4500
001 - CONTROL NUMBER
control field 74772
003 - CONTROL NUMBER IDENTIFIER
rucl marc code BD-RjUL
005 - DATE AND TIME OF LATEST TRANSACTION
control field 20211209082610.0
008 - FIXED-LENGTH DATA ELEMENTS--GENERAL INFORMATION
fixed length control field 181203s1964 e a|||| |||| 00| 0 eng d
035 ## - SYSTEM CONTROL NUMBER
System control number (BD-RjUL)
040 ## - CATALOGING SOURCE
Original cataloging agency BD-RjUL
Language of cataloging eng
Transcribing agency BD-RjUL
041 ## - LANGUAGE CODE
Language code of text/sound track or separate title eng
082 ## - DEWEY DECIMAL CLASSIFICATION NUMBER
Edition number 23
Classification number 580
Author mark and year NEP 1964
100 1# - MAIN ENTRY--PERSONAL NAME
Relator code Newcomb, Eldon H
245 10 - TITLE STATEMENT
Title Plants in perspective :alaboratory manual of modern biology /
Statement of responsibility, etc. Eldon H Newcomb , Gerald c. Gerloff and William F. Whittingham
260 ## - PUBLICATION, DISTRIBUTION, ETC. (IMPRINT)
Place of publication, distribution, etc. San Francisco , London :
Name of publisher, distributor, etc. W.h. Freeman and co.,
Date of publication, distribution, etc. 1964
300 ## - PHYSICAL DESCRIPTION
Pagination 218 P. :
Illustrations ill. ;
Size 28 cm
650 ## - SUBJECT ADDED ENTRY--TOPICAL TERM
Topical term or geographic name as entry element Biology
9 (RLIN) 225529
700 ## - ADDED ENTRY--PERSONAL NAME
Personal name Gerloff, Gerald C.
Personal name Whittingham, William F.
942 ## - ADDED ENTRY ELEMENTS (KOHA)
Source of classification or shelving scheme Dewey Decimal Classification
Koha item type Books
Holdings
Lost status Source of classification or shelving scheme Damaged status Not for loan Collection code Permanent Location Current Location Shelving location Date acquired Source of acquisition Total Checkouts Full call number Date last seen Copy number Koha item type
  Dewey Decimal Classification   Not For Loan Non-fiction Central Library, University of Rajshahi Central Library, University of Rajshahi Reading Room 21/06/1966 Asia Foundation san Francisco. California. U:S.A.   580 NEP 1964 03/12/2018 C-1 Books